<?xml version="1.0" encoding="UTF-8"?><collection xmlns="info:lc/xmlns/marcxchange-v2"><record format="Unimarc" type="bibliographic"><leader>00648nam  2200217   450 </leader><controlfield tag="001">2191280</controlfield><controlfield tag="003">http://id.bnportugal.gov.pt/bib/porbase/2191280</controlfield><datafield ind1=" " ind2=" " tag="010"><subfield code="a">978-0-141-00314-6</subfield><subfield code="b">brochado</subfield><subfield code="d">compra</subfield></datafield><datafield ind1=" " ind2=" " tag="035"><subfield code="a">UNLCSH_BC_150.iso/06-07-2009/63663</subfield></datafield><datafield ind1=" " ind2=" " tag="035"><subfield code="a">UNLCSH20081020153517</subfield></datafield><datafield ind1=" " ind2=" " tag="100"><subfield code="a">20081020d2001    k  y0porb0103    ba</subfield></datafield><datafield ind1="0" ind2=" " tag="101"><subfield code="a">eng</subfield></datafield><datafield ind1=" " ind2=" " tag="102"><subfield code="a">GB</subfield></datafield><datafield ind1="1" ind2=" " tag="200"><subfield code="a">Logic</subfield><subfield code="f">Wilfrid Hodges</subfield></datafield><datafield ind1=" " ind2=" " tag="205"><subfield code="a">2nd ed</subfield></datafield><datafield ind1=" " ind2=" " tag="210"><subfield code="a">London</subfield><subfield code="c">Penguin Books</subfield><subfield code="d">2001</subfield></datafield><datafield ind1=" " ind2=" " tag="215"><subfield code="a">xi, 292 p.</subfield><subfield code="c">il.</subfield><subfield code="d">20 cm</subfield></datafield><datafield ind1=" " ind2=" " tag="300"><subfield code="a">Contém índice</subfield></datafield><datafield ind1="1" ind2=" " tag="512"><subfield code="a">Logic : an introduction to elementary logic</subfield></datafield><datafield ind1=" " ind2=" " tag="675"><subfield code="a">16</subfield><subfield code="v">BN</subfield><subfield code="z">por</subfield></datafield><datafield ind1=" " ind2="1" tag="700"><subfield code="a">Hodges</subfield><subfield code="b">Wilfrid</subfield><subfield code="f">1941-</subfield></datafield><datafield ind1=" " ind2="0" tag="801"><subfield code="a">PT</subfield><subfield code="b">UNLCSH</subfield><subfield code="g">RPC</subfield></datafield></record></collection>